| 000 | 00567nmm a22001697a 4500 | ||
|---|---|---|---|
| 005 | 20131218115139.0 | ||
| 008 | 131218b2010 ck ||||| |||| 00| 0 spa d | ||
| 041 | _aspa | ||
| 044 | _ack | ||
| 090 |
_aLB _b05880 |
||
| 100 |
_aCalderón-Sáenz, Eduardo _93427 |
||
| 245 |
_aEscarpe : _bproductores de agua |
||
| 260 |
_as.l. _bAsociación Colombiana de Reservas Naturales de la Sociedad Civil _bReserva Natural Miralejos _c2010 |
||
| 300 |
_a154 p., _bil., (col), imágenes, _c13 cm |
||
| 700 |
_aMapa María Clara-Mantilla, Diseño Lucy Silva _93428 |
||
| 942 |
_2z _cCD-ROM |
||
| 999 |
_c8083 _d8083 |
||